000
00295nam a22001337a 4500
008
170531b xxu||||| |||| 00| 0 eng d
020
_a
9780697363183
041
_a
eng
080
_2
9 ED
_a
94
100
_a
17
101
_a
SHH
245
_a
WESTERN CIVILIZATION
_c
HUGHES.W
942
_2
udc
_c
BK
999
_c
15131
_d
15131